Dubstep - Medium - Statistics

General Stats
  • This quiz has been taken 36 times
  • The average score is 10 of 16
Answer Stats
Picture Answer % Correct
Ray Volpe
87%
Crankdat
80%
ATLiens
77%
Kai Wachi
77%
Virtual Riot
77%
Space Laces
70%
Level Up
63%
Dion Timmer
60%
Funtcase
60%
Wooli
60%
Apashe
53%
Ganja White Night
53%
Marauda
53%
Bear Grillz
50%
Nghtmre
50%
Slander
30%
No matching quizzes found
Score Distribution
Percent of People with Each Score
Percentile by Number Answered
Your Score History
You have not taken this quiz